Researchers directory
Αποθηκεύτηκε σε:
| Κύριος συγγραφέας: | |
|---|---|
| Συγγραφή απο Οργανισμό/Αρχή: | |
| Μορφή: | Βιβλίο |
| Γλώσσα: | English |
| Δημοσίευση: |
Loughborough :
Centre for Library and Information Management, Loughborough University,
1986
|
| Έκδοση: | 2nd ed. |
| Σειρά: | Report (Loughborough University of Technology. Centre for Library and Information Management)
; 48 |
| Θέματα: | |
| Ετικέτες: |
Προσθήκη ετικέτας
Δεν υπάρχουν, Καταχωρήστε ετικέτα πρώτοι!
|
MARC
| LEADER | 00000nam a2200000 i 4500 | ||
|---|---|---|---|
| 001 | 1/87158 | ||
| 008 | 990722s1986 eng d | ||
| 020 | |a 0904924734 | ||
| 035 | |l 10052235 | ||
| 040 | |a GR-MY-UA |b gre |e aacr | ||
| 041 | 0 | |a eng | |
| 082 | 0 | |a 020.942 | |
| 100 | 1 | |a Stewart, Linda |d 1948- | |
| 245 | 1 | 0 | |a Researchers directory / |c Linda Stewart |
| 250 | |a 2nd ed. | ||
| 260 | |a Loughborough : |b Centre for Library and Information Management, Loughborough University, |c 1986 | ||
| 300 | |a i, 51 σ.; |c 21 εκ. | ||
| 490 | 1 | |a CLAIM report |v ; 48 | |
| 650 | 0 | 0 | |a Library science |x Research |z Great Britain |x Directories. |
| 710 | 2 | |a Loughborough University of Technology |b Centre for Library and Information Management. | |
| 830 | 0 | |a Report (Loughborough University of Technology. Centre for Library and Information Management) |v ; 48 | |
| 852 | |a INST |b LESVOS |e 19990722 |h 020.942 STE |p 005100021413 |q 005100021413 |t REF |y 23 | ||
| 901 | |a BIBL1-2000-2 | ||
| 909 | |a Λ |b 062924 | ||
| 922 | |a 1ΕΛΗ |b 199901 |c ΚΠΣ/ΚΥΒ |d LEADER | ||
| 950 | |a 023-1998-09-14 | ||
| 970 | |z 2000/05/ΜΙΧΑΗΛΙΔΟΥ ΑΝΝΑ | ||